200 Projects to Get You Into Art (Record no. 12889)

000 -LEADER
fixed length control field 00360 a2200157 4500
003 - CONTROL NUMBER IDENTIFIER
control field OSt
005 - DATE AND TIME OF LATEST TRANSACTION
control field 20240801162456.0
008 - FIXED-LENGTH DATA ELEMENTS--GENERAL INFORMATION
fixed length control field 240801b ||||| |||| 00| 0 eng d
020 ## - INTERNATIONAL STANDARD BOOK NUMBER
International Standard Book Number 9781350141285
082 ## - DEWEY DECIMAL CLASSIFICATION NUMBER
Classification number 750
100 ## - MAIN ENTRY--PERSONAL NAME
Personal name Colston Valerie
245 ## - TITLE STATEMENT
Title 200 Projects to Get You Into Art
260 ## - PUBLICATION, DISTRIBUTION, ETC. (IMPRINT)
Name of publisher, distributor, etc A&C Black
Date of publication, distribution, etc 2019
300 ## - PHYSICAL DESCRIPTION
Extent 128p;
942 ## - ADDED ENTRY ELEMENTS (KOHA)
Source of classification or shelving scheme
Holdings
Withdrawn status Lost status Source of classification or shelving scheme Damaged status Koha normalized classification for sorting Not for loan Permanent location Current location Date acquired Source of acquisition Cost, normal purchase price Full call number Barcode Date last seen Cost, replacement price Price effective from Koha item type
        750_000000000000000   BMS College of Architecture, Design and Planning BMS College of Architecture, Design and Planning 2024-08-01 1 1650.68 750 AR-UG4127 2024-08-01 2200.90 2024-08-01 B.Design
Copyright © 2025, The Librarian, Library and Information Centre, BMSCA D&P, Bengaluru. All Rights Reserved
web counter

Powered by Koha